Κατάλογος Βιβλιοθηκών Mediterranean College

Φοβίες / ...και η Αντιμετώπισή τους (Record no. 5667)

MARC details
000 -LEADER
fixed length control field 01442cam a22001934a 4500
005 - ΗΜΕΡΟΜΗΝΙΑ ΚΑΙ ΩΡΑ ΤΕΛΕΥΤΑΙΑΣ ΕΝΗΜΕΡΩΣΗΣ
Πεδίο ελέγχου 20250605164218.0
008 - FIXED-LENGTH DATA ELEMENTS--GENERAL INFORMATION
Πεδίο ελέγχου σταθερού μήκους 250528s ||||||||||||||||||||||||d
035 ## - SYSTEM CONTROL NUMBER
System control number 20576
020 ## - ISBN
ISBN 9607019458
040 ## - ΠΗΓΗ ΚΑΤΑΛΟΓΟΓΡΑΦΗΣΗΣ
Φορέας πρωτότυπης καταλογογράφησης MC Athens Campus Library
Γλώσσα καταλογογράφησης Ελληνικά, Μοντέρνα (1453-)
Modifying agency MC Athens Campus Library
Κανόνες περιγραφικής καταλογογράφησης AACR2
245 1# - ΤΙΤΛΟΣ ΚΑΙ ΔΗΛΩΣΗ ΥΠΕΥΘΥΝΟΤΗΤΑΣ
Τίτλος Φοβίες / ...και η Αντιμετώπισή τους
260 ## - PUBLICATION, DISTRIBUTION, ETC.
Name of publisher, distributor, etc. Ελληνικά Γράμματα,
Date of publication, distribution, etc. 1996
300 ## - PHYSICAL DESCRIPTION
Extent 208
520 ## - SUMMARY, ETC.
Summary, etc. Πρόλογος, Αίτια και Εκδηλώσεις, Εισαγωγή, Μύθοι και Παρερμηνείες και Ορισμοί, Φοβία και Ψυχανάλυση, Φοβία και Μάθηση, Αδυναμίες της Θεωρίας της Μάθησης, Σύγχρονες Απόψεις, Αγοραφοβία, Προσβολές Πανικού, Κοινωνικές και Ειδικές Φοβίες, Κοινωνική Φοβία, Ειδικές Φοβίες, Σχολική Φοβία, Νευροβιολογική Θεώρηση, Πειραματικός Πανικός, Γνωσιακοί Μηχανισμοί, Θεραπεία, Γενικές Αρχές, Συμπεριφοριστική και Γνωσιακή Θεραπεία, Έκθεση, Αλλαγή Γνωσιών, Συμπληρωματικές Τέχνικές, Φαρμακοθεραπεία, Βιβλιογραφία.
700 1# - ΠΡΟΣΘΕΤΗ ΑΝΑΓΡΑΦΗ--ΦΥΣΙΚΟ ΠΡΟΣΩΠΟ
Personal name Μπουλουγούρης Γιάννης
9 (RLIN) 209
942 ## - ADDED ENTRY ELEMENTS (KOHA)
Koha item type Books
Holdings
Τύπος τεκμηρίου Βιβλιοθήκη Τρέχουσα τοποθεσία Barcode Αριθμός εισαγωγής Ημερομηνία απόκτησης Ταξιθετικό σύμβολο Αριθμός αντιτύπου Κατάσταση απόσυρσης Κατάσταση χαμένου Κατάσταση κατεστραμμένου Μη δανεισμός Σύνολο δανεισμών Ημερομηνία τελευταίας εμφάνισης Η τιμή ισχύει από
Books MC Athens Campus Library MC Athens Campus Library 9780000056665 7057 05/06/2025 152.46 BOU 3           05/06/2025 05/06/2025

MC Athens Campus Library
Πατησίων 94 & Κοδριγκτώνος 13, 104 34
Πελλήνης 8 & Πατησίων 107, 112 51
Τ: +30 210 8899600

MC Thessaloniki Campus Library
Ίωνος Δραγούμη 21, 54625 | Ίωνος Δραγούμη 15, 54625
Τ: +30 2310 287779 – Τ: +30 2314 440300